000 00711nam a2200193 i 4500
001 131897
003 ES-MaACL
005 20250928125144.0
007 t|
008 070214s1953 sp r ||||1| spa d
100 1 _aRodríguez Moro, Nemesio.
_998687
245 1 3 _aLa expropiación forzosa /
_cNemesio Rodríguez Moro ; prólogo del Excmo. Sr. D. Carlos Ruíz del Castillo y Catalán de Ocón.
260 _aBilbao :
_b[s. n.],
_c1953. (
_fImp. Provincial de Vizcaya)
300 _a520 p. ;
_c23 cm.
650 4 _aExpropiación forzosa-
_zEspaña.
_9159541
700 1 _aRuiz del Castillo y Catalán de Ocón, Carlos,
_d1896-1984
_9100778
852 _aES-MaACL
_jC-5798
_bR.35037
999 _c131897
_d131897